000 00631nam a2200205 i 4500
001 101295
003 ES-MaACL
005 20250829062544.0
007 t|
008 051017s1958 sp ||||1| spa d
100 1 _aMaurois, André,
_d1885-1967
_979267
245 1 3 _aLa máquina de leer los pensamientos /
_cpor André Maurois, [seud.] de Emile Herzog; [versión española de Rosa Naveira].
260 _aBarcelona :
_bG.P.,
_c1958.
300 _a125 p. ;
_c18 cm.
490 1 _aPlaza
700 1 _aNaveira, Rosa S. de.
_985223
830 0 _aPlaza
_9181244
852 _aES-MaACL
_jC-13945
_bR.41586
999 _c101295
_d101295